=LDR 00000nam 2200000 4500 =001 INLIS000000000013240 =005 20140630131637.0 =006 =007 =008 Ind =035 ##$$0010-061300000013240 =041 ##$$a Ind =082 ##$$a 581.5 =090 ##$$a 581.5, Kar k =100 ##$$a Kartaputra, Ance Gunarsih =245 ##$$a Klimatologi pengaruh iklim terhadap tanah dan tanaman, Ance Gunarsih Kartaputra =260 ##$$a 2004 $b Jakarta =300 ##$$a 101 hlm, ilus, 21 cm =650 ##$$a Tanaman dan Iklim =850 ##$$a NBPNMAT =990 ##$$a 92591/BPAP-NTB/2014 =990 ##$$a 21400243/BPAP-NTB/2014 =990 ##$$a 0001/BPAP-NTB/20142014 =990 ##$$a 0001/BPAP-NTB/20142015 =990 ##$$a 36323632 =990 ##$$a 36323632 =990 ##$$a 36323632 =990 ##$$a 36323632 =990 ##$$a 36323632 =990 ##$$a 21709281 =990 ##$$a 92591/BPAP-NTB/2014 =990 ##$$a 21400243/BPAP-NTB/2014 =990 ##$$a 21400613/BPAP-NTB/20142014 =990 ##$$a 0001/BPAP-NTB/20142014 =990 ##$$a 0001/BPAP-NTB/20142015 =990 ##$$a 01201803632 =990 ##$$a 01201803633 =990 ##$$a 01201803634 =990 ##$$a 01201803635 =990 ##$$a 21709282 =990 ##$$a 92591/BPAP-NTB/2014 =990 ##$$a 21400243/BPAP-NTB/2014 =990 ##$$a 21400613/BPAP-NTB/20142014 =990 ##$$a 0001/BPAP-NTB/20142014 =990 ##$$a 0001/BPAP-NTB/20142015 =990 ##$$a 01201803632 =990 ##$$a 01201803633 =990 ##$$a 01201803634 =990 ##$$a 21709281 =990 ##$$a 21709283 =990 ##$$a 92591/BPAP-NTB/2014 =990 ##$$a 21400243/BPAP-NTB/2014 =990 ##$$a 21400613/BPAP-NTB/20142014 =990 ##$$a 0001/BPAP-NTB/20142014 =990 ##$$a 0001/BPAP-NTB/20142015 =990 ##$$a 01201803632 =990 ##$$a 01201803633 =990 ##$$a 21709282 =990 ##$$a 21709281 =990 ##$$a 21709284 =990 ##$$a 92591/BPAP-NTB/2014 =990 ##$$a 21400243/BPAP-NTB/2014 =990 ##$$a 21400613/BPAP-NTB/20142014 =990 ##$$a 0001/BPAP-NTB/20142014 =990 ##$$a 0001/BPAP-NTB/20142015 =990 ##$$a 01201803632 =990 ##$$a 21709283 =990 ##$$a 21709282 =990 ##$$a 21709281 =990 ##$$a 21709285 =990 ##$$a 92591/BPAP-NTB/2014 =990 ##$$a 21400243/BPAP-NTB/2014 =990 ##$$a 21400613/BPAP-NTB/20142014 =990 ##$$a 0001/BPAP-NTB/20142014 =990 ##$$a 0001/BPAP-NTB/20142015 =990 ##$$a 21709284 =990 ##$$a 21709283 =990 ##$$a 21709282 =990 ##$$a 21709281